00505nam a2200145Ia 4500008004100000245012800041260001700169260000900186300000800195650002300203650001200226856002900238999001900267952007300286170516s9999 xx 000 0 und d aUnique Diagnostic and Therapeutic Roles of Porphyrins and Phthalocyanines in Photodynamic Therapy, Imaging and Theranostics bTheranostics c2012 a2:9 xMedical Technology xMedtech uhttp://www.thno.org/v2i9 c330896d330896 001040aCLbCLd2017-05-16l0r2017-05-16 00:00:00w2017-05-16yFOJ